Творения блаженного Иеронима Стридонского. Ч. 16: Четыре книги толкований на Евангелие от Матфея (Запись № 3789223)

Подробности
000 -МАРКЕР
контрольное поле 01087nam2a22002651 4500
001 - ИДЕНТИФИКАТОР ЗАПИСИ
контрольное поле v19\rc\1481775
005 - ИДЕНТИФИКАТОР ВЕРСИИ
контрольное поле 20250618192925.0
035 ## - ДРУГИЕ СИСТЕМНЫЕ НОМЕРА
Идентификатор записи (NLR Aleph) 004679644
100 ## - ДАННЫЕ ОБЩЕЙ ОБРАБОТКИ
Данные общей обработки 20060620d1901 |||y0rusy50 ca
101 1# - ЯЗЫК РЕСУРСА
Язык текста, звукозаписи и т.д. русский
Язык оригинала латинский
102 ## - СТРАНА ПУБЛИКАЦИИ ИЛИ ПРОИЗВОДСТВА
Страна публикации Российская Федерация
105 ## - ПОЛЕ КОДИРОВАННЫХ ДАННЫХ: ТЕКСТОВЫЕ МАТЕРИАЛЫ, МОНОГРАФИЧЕСКИЕ
Кодированные данные о монографическом текстовом документе y z |||||
200 1# - ЗАГЛАВИЕ И СВЕДЕНИЯ ОБ ОТВЕТСТВЕННОСТИ
Основное заглавие Четыре книги толкований на Евангелие от Матфея
210 ## - ПУБЛИКАЦИЯ, РАСПРОСТРАНЕНИЕ И ДР.
Дата издания, распространения и т.д. 1901
Место издания, распространения и т.д. Б. м.
215 ## - ФИЗИЧЕСКАЯ ХАРАКТЕРИСТИКА
Специфическое обозначение материала и объем [4], 316 с.
225 1# - СЕРИЯ
Основное заглавие серии ...
Обозначение тома Кн. 26
461 #0 - УРОВЕНЬ НАБОРА
Встроенное поле 001v19\rc\1481760
-- 2001#$aТворения блаженного Иеронима Стридонского$vЧ. 16
-- 700#0$aИероним Блаженный$fок.340-420$3RU\NLR\AUTH\779243
Системный номер (АБИС) связанной записи 3789037
Автор Иероним Блаженный (ок.340-420)
Место публикации Киев
Дата публикации 1879-
Сведения, относящиеся к заглавию Ч. 1-
Заглавие Творения блаженного Иеронима Стридонского
Номер тома Ч. 16
605 ## - ЗАГЛАВИЕ КАК ПРЕДМЕТ
Начальный элемент ввода Евангелие от Матфея
801 #0 - ИСТОЧНИК ЗАПИСИ
Страна Российская Федерация
Организация NLR
Правила каталогизации psbo
801 #1 - ИСТОЧНИК ЗАПИСИ
Страна Российская Федерация
Организация ProSoft-M
Источник данных rusmarc
852 ## - МЕСТОНАХОЖДЕНИЕ И ШИФР ХРАНЕНИЯ
Идентификатор организации NLR
Шифр хранения (Call Number) 18.252.2.1(кн.26, ч.16)
942 ## - ДОПОЛНИТЕЛЬНЫЕ ЭЛЕМЕНТЫ ЗАПИСИ (АБИС)
Тип экземпляра АБИС Книга
980 ## - КОЛЛЕКЦИЯ
Название коллекции Национальная библиография
Экземпляры
Тип экземпляра Дата поступления Библиотека постоянного хранения Библиотека текущего хранения Место хранения Шифр хранения Штрих-код Статус экземпляра
Книга 26.10.2013 РНБ (Садовая) РНБ (Садовая) Русский книжный фонд -Главное здание, Ленинский читальный зал 18.252.2.1(кн.26, ч.16) 4679644-10